Mistero in Via dei Tulipani /

La colección Primiracconti ofrece material de lectura para el aprendizaje del italiano como una segunda lengua para adolescentes y adultos, con versiones originales y versiones adaptadas y simplificadas de obras literarias, desde el nivel básico hasta el avanzado. Cada historia incluye notas sobre e...

ver descrição completa

Na minha lista:
Detalhes bibliográficos
Autor principal: Medaglia, Cinzia (autor)
Formato: Livro
Idioma:Língua italiana
Publicado em: Roma, Italia : Edilingua, 2012, c2012
Assuntos:
Tags: Adicionar Tag
Sem tags, seja o primeiro a adicionar uma tag!

MARC

LEADER 00000nam^a2200000^a^4500
001 000350092
005 20250521000000.0
009 20260310114930.203
020 |a 978-960-693-013-3 
037 |a Acervo ITESO - Biblioteca 
041 |a ITA 
082 |a 455.  |b PRI V. 2 
100 |a Medaglia, Cinzia  |e (autor) 
240 1 1 |a [Primiracconti] 
245 1 0 |a Mistero in Via dei Tulipani /  |c C. Medaglia. 
264 4 |a Roma, Italia :  |b Edilingua,  |c 2012, c2012 
300 |a 55 p. 
336 |a texto  |b txt  |2 rdacontenido 
337 |a sin mediación  |b n  |2 rdamedio 
338 |a volumen  |b nc  |2 rdasoporte 
520 |a La colección Primiracconti ofrece material de lectura para el aprendizaje del italiano como una segunda lengua para adolescentes y adultos, con versiones originales y versiones adaptadas y simplificadas de obras literarias, desde el nivel básico hasta el avanzado. Cada historia incluye notas sobre el vocabulario, así como actividades para afianzar y comprobar la comprensión de la lectura. Algunos de ellos están acompañados de un disco compacto de audio que reproduce el texto impreso en su totalidad. 
521 |a FIL 2014 Centro de Lenguas 
649 |a XX 
650 |a Italiano -  |x Estudio y Enseñanza -  |x Tema Principal 
650 |a Italiano como Lengua Extranjera -  |x Estudio y Enseñanza -  |x Tema Principal 
650 |a Lenguas Extranjeras -  |x Estudio y Enseñanza 
650 |a Novela Italiana 
650 |a Literatura Italiana -  |y Siglo XXI 
650 |a Literatura de Mujeres -  |z Italia 
650 |a Literatura Policíaca y de Misterio -  |z Italia 
650 |a Literatura Juvenil -  |z Italia 
910 |a Fondo General 
920 |a Impresos - Libros 
930 |a Colección General 
905 |a 101 
901 |a 0500240442  |b IT1  |c LEN  |i C143972  |u 20250521 
902 |a https://opac.biblio.iteso.mx/vufind/Record/000350092